Central Library OPAC University of Rajshahi

The hills of India / (Record no. 23111)

MARC details
000 -LEADER
fixed length control field 00740cam a22002651 4500
001 - CONTROL NUMBER
control field 23111
003 - CONTROL NUMBER IDENTIFIER
rucl marc code BD-RjUL
005 - DATE AND TIME OF LATEST TRANSACTION
control field 20211209000907.0
008 - FIXED-LENGTH DATA ELEMENTS--GENERAL INFORMATION
fixed length control field 140310s1961 enka 001 0 eng
035 ## - SYSTEM CONTROL NUMBER
System control number (BD-RjUL)23176
System control number (OCoLC)3106195
040 ## - CATALOGING SOURCE
Original cataloging agency DLC
Transcribing agency NSyU
Modifying agency Uk
-- DLC
-- BD-RjUL
Language of cataloging eng
041 ## - LANGUAGE CODE
Language code of text/sound track or separate title eng
082 ## - DEWEY DECIMAL CLASSIFICATION NUMBER
Classification number 915.4
Author mark and year GIH 1961
100 1# - MAIN ENTRY--PERSONAL NAME
Personal name Gibbs, Henry.
9 (RLIN) 71268
245 14 - TITLE STATEMENT
Title The hills of India /
Statement of responsibility, etc. by Henry Gibbs
260 ## - PUBLICATION, DISTRIBUTION, ETC. (IMPRINT)
Place of publication, distribution, etc. London :
Name of publisher, distributor, etc. Jarrolds,
Date of publication, distribution, etc. c1961.
300 ## - PHYSICAL DESCRIPTION
Pagination 254 p. :
Illustrations illus ;
Size 22 cm.
504 ## - BIBLIOGRAPHY, ETC. NOTE
Bibliography, etc Includes index.
651 #0 - SUBJECT ADDED ENTRY--GEOGRAPHIC NAME
Geographic name India
General subdivision Description and travel.
9 (RLIN) 71269
Geographic name Asia, Central
General subdivision Description and travel.
9 (RLIN) 67297
942 ## - ADDED ENTRY ELEMENTS (KOHA)
Source of classification or shelving scheme Dewey Decimal Classification
Koha item type Books
Holdings
Lost status Source of classification or shelving scheme Damaged status Not for loan Collection code Permanent Location Current Location Shelving location Date acquired Source of acquisition Cost, normal purchase price Total Checkouts Full call number Date last seen Copy number Koha item type
  Dewey Decimal Classification   Added to bundle Non-fiction Central Library, University of Rajshahi Central Library, University of Rajshahi Reading Room 18/10/1962 Zetlinger 25.00   915.4 GIH 1961 10/03/2014 C-1 Books